000 00707nam a22002057a 4500
999 _c61612
_d61612
005 20240329151018.0
008 240329s2018 gw ||||| |||| 00| 0 ger d
020 _a9783823369134
041 _ager
080 _a811.112.2 K-77
100 _aKotthoff, Helga
_921633
245 _aGenderlinguistik:
_bEine Einführung in Sprache, Gespräch und Geschlecht /
_cHelga Kotthoff, Damaris Nübling.
264 _aTubingen :
_bNarr,
_c2018.
300 _a393 p.;
_b26 cm.
653 _aგენდერული ენა
653 _aლინგვისტიკა
653 _aშესავალი ენაში
700 _aNübling, Damaris
_eავტორი
_921634
942 _2udc
_cBK